Vainqueur du Tournoi ATP de Los Cabos - Statistiques

Statistiques générales
  • Ce quiz a été pris 6 fois
  • Le résultat moyen est 4 sur 8
Statistiques - réponses
Année Vainqueur % Correct
2023 Tsitsipas
100%
2024 Thompson
80%
2016 Karlovic
40%
2022 Medvedev
40%
2017 Querrey
40%
2019 Schwartzman
40%
2018 Fognini
20%
2021 Norrie
20%
Aucun quiz correspondant
Distribution des résultats
% des personnes avec chaque résultat
Percentile par nombre de réponses
Votre historique - résultats
Vous n’avez pas pris ce quiz